| 000 | 00652nam a2200193Ia 4500 | ||
|---|---|---|---|
| 003 | GCL | ||
| 008 | 140319s9999 xx 000 0 ara d | ||
| 040 |
_aGCL / _cGCL |
||
| 082 | 0 | 4 |
_a811.5 _bا د |
| 100 | 1 | _aابوالعلاء المعرى | |
| 245 | 1 | 0 |
_aديوان لزوم مالا يلزم مما يسبق حرف الروى / _cابوالعلاء المعرى |
| 700 | 1 | _aكمال اليازجى | |
| 260 |
_aبيروت : _bدار الهانى للطباعة ، _c1992 |
||
| 300 |
_a608 ؛ _c20 سم |
||
| 650 | 0 | 4 | _aالشعر العربى |
| 650 | 0 | 4 | _aالادب العربى |
| 650 | 0 | 4 | _aالشعر الاجتماعى |
| 942 |
_2ddc _cBK |
||
| 999 |
_c53773 _d53773 |
||